000
00365pab a2200169 454500
008
180718b2012 xxu||||| |||| 00| 0 eng d
100
_a
Kaviraj, Naraharik
245
_a
Whither CIP-M?
260
_c
2012
300
_a
p.31-35.
362
_a
28 Jan
650
_a
CPI-M
650
_a
Political parties
773
_a
Mainstream
908
_a
N
909
_a
95549
999
_c
95549
_d
95549